Statistics for Common Ions

Click here to take the quiz!

General Stats

  • This quiz has been taken 81 times
  • The average score is 14 of 20

Answer Stats

Polyatomic IonChemical Formula% Correct
HydroxideOH
95%
AmmoniumNH4
84%
NitrateNO3
84%
CarbonateCO3
80%
PermanganateMnO4
77%
PhosphitePO3
73%
SulfiteSO3
73%
BromateBrO3
70%
NitriteNO2
68%
Zinc ionZn
68%
Silver ionAg
66%
ChlorateClO3
66%
DichromateCr2O7
66%
CyanideCN
64%
PhosphatePO4
64%
SulfateSO4
64%
ChromateCrO4
61%
IodateIO3
61%
ChloriteClO2
59%
AcetateC2H3O2
48%

Score Distribution

Percentile by Number Answered

Percent of People with Each Score

Your Score History

You have not taken this quiz